Review of a Scientific Monograph

Recenzia na monografiu autorov Bednár R., Procházková K., Zagoršek B. s názvom Strategies and Business Models of Startups, ktorá vyšla vo vydavateľstve Tribun EU v roku 2018.

Guardado en:
Detalles Bibliográficos
Autor principal: Mišún, Juraj, 1978-
Formato: Capítulo de libro
Lenguaje:inglés
Materias:
Etiquetas: Agregar Etiqueta
Sin Etiquetas, Sea el primero en etiquetar este registro!

MARC

LEADER 00000naa a2200000 4500
001 0257982
005 20240502083731.9
041 0 |a eng 
044 |a RO 
245 1 0 |a Review of a Scientific Monograph  |c Juraj Mišún 
520 |a Recenzia na monografiu autorov Bednár R., Procházková K., Zagoršek B. s názvom Strategies and Business Models of Startups, ktorá vyšla vo vydavateľstve Tribun EU v roku 2018. 
610 2 0 |a recenzie 
610 2 0 |a modely podnikateľské 
610 2 0 |a start-up 
610 2 0 |a stratégia podnikateľská 
100 1 |a Mišún, Juraj, 1978-